000 00771nam a2200241 a 4500
001 BRL_1135
005 20190320211041.0
008 141113c1953----mx-a######---#000-0#spa-#
041 _aspa
044 _amx
050 4 _aF1230.C96
_b.T67 1953
100 1 _aToscano, Salvador
_d1912-1949
_918337
245 1 0 _aCuauhtémoc
_cpor Salvador Toscano ; prólogo de Rafael Heliodoro Valle.
260 _aMéxico
_bFCE
_c1953
300 _a210 p.
_bil. (algunas a color)
_c22 cm.
500 _aIncluye índice de ilustraciones
500 _aAu1304
600 1 4 _aCuauhtémoc
_cEmperador de México
_d1495?-1525
_923677
651 4 _aMéxico
_xHistoria
_yConquista, 1519-1540
_9442
700 1 _aValle, Rafael Heliodoro
_d1891-1959
_epról.
_93134
902 _aGRL
942 _2lcc
_cB
999 _c9947
_d9947